000
00249nam a22001217a 4500
003
SGT
082
_a
823
_b
HOR
100
_a
HORNBY NICK
245
_a
BRIDGET JONES'S DIARY
260
_a
U.K
_b
PICADOR PUB
_c
2001
300
_a
310
942
_2
ddc
_c
BK
999
_c
33466
_d
33466